000 00593nam a2200217Ia 4500
008 180523s9999 xx 000 0 und d
020 _a978-981-4584-14-8
050 _aMAIN T 11
050 _b.W67 2013 c.2
100 _aWorthington, Darlene Smith-.
245 0 _aTechnical writing for success /
245 0 _cDarlene Smith-Worthington, Sue Jefferson.
250 _a3rd Edition
260 _aSingapore :
260 _bCengage Learning,
260 _c2013
300 _a449 pages :
300 _billustrations ;
300 _c26 cm.
650 _aTechnical writing -- Textbooks.
999 _c357685
_d357685